Microbiology: (Record no. 152894)

MARC details
000 -LEADER
fixed length control field 00787nam a22002297a 4500
005 - DATE AND TIME OF LATEST TRANSACTION
control field 20180625105546.0
010 ## - LCCN (DPL NO)
LC control number ENG-123268
020 ## - INTERNATIONAL STANDARD BOOK NUMBER
International Standard Book Number 9789352831227
Terms of availability 300.00
035 ## - SYSTEM CONTROL NUMBER
System control number EN-106800
037 ## - SOURCE OF ACQUISITION
Source of stock number/acquisition DBAD/PUB
082 ## - DEWEY DECIMAL CLASSIFICATION NUMBER
Classification number 576
Edition number 5th edition
100 ## - MAIN ENTRY--PERSONAL NAME
Personal name Kaushik, Purshotam
245 ## - TITLE STATEMENT
Title Microbiology:
Statement of responsibility, etc by Purshotam Kaushik [and] Kirti Kaushik
Remainder of title questions and answers/
250 ## - EDITION STATEMENT
Edition statement 5th ed
260 ## - PUBLICATION, DISTRIBUTION, ETC. (IMPRINT)
Place of publication, distribution, etc New Delhi
Name of publisher, distributor, etc S. Chand Publishing
Date of publication, distribution, etc 2018
270 ## - ADDRESS
Address Ram Nagar,
City New Delhi
Postal code 110055
300 ## - PHYSICAL DESCRIPTION
Extent 471p.
Dimensions 24cm(pbk)
500 ## - GENERAL NOTE
General note It includes index
500 ## - GENERAL NOTE
General note For BSc (Pass & Hons.), MSc students of all Indian Universities and also useful for competitive examinations like NET, GATE, etc.
700 ## - ADDED ENTRY--PERSONAL NAME
Personal name Kaushik, Kirti
942 ## - ADDED ENTRY ELEMENTS (KOHA)
Source of classification or shelving scheme Dewey Decimal Classification
Item type English Books
Call number suffix KAU
Classification part 576
Holdings
Withdrawn status Lost status Not for loan Collection code Home library Current library Date acquired Source of acquisition Cost, normal purchase price Full call number Barcode Copy number Cost, replacement price Koha item type
      Non-fiction Patel Nagar Patel Nagar 21/06/2018 DBAD/PUB 300.00 576 KAU EN-106800 1 300.00 English Books

© Delhi Public Library
Hit Counter
free hit counter